| 000 | 00362nam a2200121Ia 4500 | ||
|---|---|---|---|
| 008 | 210430s9999 xx 000 0 und d | ||
| 082 | _a621.402 M6271 I | ||
| 100 |
_aStanley Middleman _954038 |
||
| 245 | 3 |
_aAn Introduction to Mass and heat Transfer _cStanley Middleman |
|
| 260 |
_aNew York _bJohn Wiley & Sons,Inc. _c1998 |
||
| 300 | _a672p. | ||
| 942 |
_cBK _2ddc |
||
| 999 |
_c564488 _d564488 |
||